Historia de una taberna / (Record no. 55891)

MARC details
000 -LEADER
campo de control de longitud fija 00797nam a2200253 i 4500
001 - NÚMERO DE CONTROL
campo de control 55891
003 - IDENTIFICADOR DE NÚMERO DE CONTROL
campo de control ES-MaACL
005 - FECHA Y HORA DE LA ÚLTIMA TRANSACCIÓN
campo de control 20260525062927.0
007 - CAMPO FIJO DE DESCRIPCIÓN FÍSICA--INFORMACIÓN GENERAL
campo de control de longitud fija t|
008 - DATOS DE LONGITUD FIJA--INFORMACIÓN GENERAL
campo de control de longitud fija 030930s1956 sp ||||1| spa d
040 ## - FUENTE DE CATALOGACIÓN
Centro/agencia transcriptor ES-MaACL
100 1# - ENTRADA PRINCIPAL--NOMBRE DE PERSONA
Nombre de persona Díaz-Cañabate, Antonio,
Fechas asociadas al nombre 1898-1980
9 (RLIN) 44194
Término indicativo de función/relación Autor
245 10 - MENCIÓN DEL TÍTULO
Título Historia de una taberna /
Mención de responsabilidad, etc. A. Díaz Cañabate.
250 ## - MENCION DE EDICION
Mención de edición Tercera edición
260 ## - PUBLICACIÓN, DISTRIBUCIÓN, ETC.
Lugar de publicación, distribución, etc. [Madrid] :
Nombre del editor, distribuidor, etc. Espasa-Calpe,
Fecha de publicación, distribución, etc. [1956]
300 ## - DESCRIPCIÓN FÍSICA
Extensión 226 páginas ;
Dimensiones 17 cm.
490 1# - MENCIÓN DE SERIE
Mención de serie Colección austral ;
Designación de volumen o secuencia 711
655 #0 - TERMINO DE INDIZACIÓN--GENERO/FORMA
9 (RLIN) 234319
Datos o término principal de género/forma Novelas
830 1# - PUNTO DE ACCESO ADICIONAL DE SERIE-TÍTULO UNIFORME
Título uniforme Colección austral
Designación de volumen o secuencia 711
9 (RLIN) 177655
852 ## - LOCALIZACIÓN
Ubicación ES-MaACL
Número de control de estantería C-11486
Sublocalización o colección R.38309
itemnumber 58038
Ubicación en estantería Sala Palomar
Encuadernación Encuadernación rústica
942 ## - ELEMENTOS DE ENTRADA SECUNDARIOS (KOHA)
Tipo de ítem Koha Libro impreso
Suprimir en OPAC No
Holdings
Estatus retirado Estado de pérdida Estado de daño No para préstamo Biblioteca de origen Biblioteca actual Ubicación en estantería Fecha de adquisición Fuente de adquisición Total de préstamos Signatura topográfica completa Código de barras Visto por última vez Precio de reemplazo Tipo de ítem Koha
        Biblioteca del Ateneo de Madrid Biblioteca del Ateneo de Madrid Sala Palomar 17/01/2008     C-11486 1058710 23/02/2023 23/02/2023 Libro impreso